Culture Générale - Série 2015 - Statistiques

Statistiques générales
  • Ce quiz a été pris 113 fois
  • Le résultat moyen est 5 sur 10
Statistiques - réponses
Question Réponse % Correct
On appelle chez l'être humain une malformation de la bouche : "bec de ... lièvre
97%
Au Far-West, comment s'appelait le bar ? saloon
89%
Quelle friandise est la spécialité de la ville du Nord, Cambrai ? bêtise
88%
Dans une église c'est le lieu où les fidèles assistent à l'office religieux ou un grand navire à voiles du Moyen Age - voir photo nef
84%
Quel fleuve arrose la ville ardennaise de Sedan ? Meuse
46%
C'est un laïus ou une tranche de pain tartine
39%
Quel coagulant d'origine animale utilise-t-on en général pour cailler le lait ? présure
27%
Au Moyen Age, c'était un roturier assujetti à la justice seigneuriale - 6 lettres commençant par " m " manant
22%
Dans quel pays coule le fleuve "Tarim" ? Chine
9%
En chirurgie, comment appelle-t-on le drain chargé d'évacuer les sécrétions sanglantes ou purulentes d'une plaie profonde ? séton
8%
Aucun quiz correspondant
Distribution des résultats
% des personnes avec chaque résultat
Percentile par nombre de réponses
Votre historique - résultats
Vous n’avez pas pris ce quiz